Juda, (Record no. 37653)
[ view plain ]
| 000 -LEADER | |
|---|---|
| fixed length control field | 00508cam a22001817 4500 |
| 001 - CONTROL NUMBER | |
| control field | ltf91064776 |
| 003 - CONTROL NUMBER IDENTIFIER | |
| control field | DLC |
| 005 - DATE AND TIME OF LATEST TRANSACTION | |
| control field | 20260227111554.0 |
| 008 - FIXED-LENGTH DATA ELEMENTS--GENERAL INFORMATION | |
| fixed length control field | 910613q19001948gw 000 0 ger |
| 010 ## - LIBRARY OF CONGRESS CONTROL NUMBER | |
| LC control number | ltf91064776 |
| 040 ## - CATALOGING SOURCE | |
| Original cataloging agency | DLC |
| Transcribing agency | DLC |
| Modifying agency | DLC |
| 050 00 - LIBRARY OF CONGRESS CALL NUMBER | |
| Classification number | 4PT Ger 649 |
| 051 ## - LIBRARY OF CONGRESS COPY, ISSUE, OFFPRINT STATEMENT | |
| Classification number | 4PT Ger 649 Copy 2 |
| Copy information | Copy 2. |
| 100 1# - MAIN ENTRY--PERSONAL NAME | |
| Personal name | Münchhausen, Börries, |
| Titles and words associated with a name | Freiherr von, |
| Dates associated with a name | 1874-1945. |
| 245 10 - TITLE STATEMENT | |
| Title | Juda, |
| Remainder of title | Gesänge. |
| Statement of responsibility, etc. | Mit Buchschmuck von E.M. Lilien. |
| 260 ## - PUBLICATION, DISTRIBUTION, ETC. | |
| Place of publication, distribution, etc. | Berlin, |
| Name of publisher, distributor, etc. | E. Fleischel |
| Date of publication, distribution, etc. | [19 ] |
| 300 ## - PHYSICAL DESCRIPTION | |
| Extent | p. |
No items available.